000 01460cam a2200445 i 4500
001 200468075
003 TR-AnTOB
005 20260413141528.0
007 ta
008 260413r19651934enk 000 1 eng
010 _a 74084334
035 _a(CStRLIN)NJPG87-B4734
035 _a(NjP)400258-princetondb
035 _z(NjP)Voyager400258
035 _a(OCoLC)ocm01262466
035 _a(TR-AnTOB)200468075
040 _aNjP
_beng
_erda
_cNjP
_dTR-AnTOB
041 0 _aeng
043 _an-us-ga
050 0 4 _aPS3505.A322
_bT6 1965
090 _aPS3505.A322
_bT6 1965
100 1 _aCaldwell, Erskine,
_d1903-1987
_eauthor
_4aut
_0http://id.loc.gov/authorities/names/n78095661
_96820
245 1 0 _aTobacco road /
_cErskine Caldwell.
250 _aUnabridged.
264 1 _aLondon :
_bPan Books,
_c1965.
300 _a156 pages ;
_c18 cm
336 _atext
_btxt
_2rdacontent
337 _aunmediated
_bn
_2rdamedia
338 _avolume
_bnc
_2rdacarrier
650 0 _aTobacco farmers
_vFiction
_9153598
650 0 _aSharecroppers
_vFiction
_9153596
650 0 _aRural poor
_vFiction
_9153597
650 0 _aFarm life
_vFiction
_95346
650 0 _aFamilies
_vFiction
_9116536
655 7 _aDomestic fiction
_2lcgft
_0http://id.loc.gov/authorities/genreForms/gf2014026295
_9116540
655 7 _aFiction
_2lcgft
_0http://id.loc.gov/authorities/genreForms/gf2014026339
_9151487
942 _2lcc
_cBK
999 _c200468075
_d86287